Normal view
MARC view
- الرياضيات - اقتصاد اداري
Entry Topical Term
001 - CONTROL NUMBER
- control field: 28250
003 - CONTROL NUMBER IDENTIFIER
- control field: JO-AjAnu
005 - DATE AND TIME OF LATEST TRANSACTION
- control field: 20230606074805.0
008 - FIXED-LENGTH DATA ELEMENTS
- fixed length control field: 230606|| aca||aabn | a|a d
040 ## - CATALOGING SOURCE
- Original cataloging agency: JO-AjAnu
- Transcribing agency: JO-AjAnu
150 ## - HEADING--TOPICAL TERM
- Topical term or geographic name entry element: الرياضيات - اقتصاد اداري
670 ## - SOURCE DATA FOUND
- Source citation: Work cat.: (JO-AjAnu)14501: البياتي، محمود مهدي, author 28249, الرياضيات وتطبيقاتها في العلوم الادارية والاقتصادية